| 000 | 00447nam a2200157Ia 4500 | ||
|---|---|---|---|
| 003 | Ost | ||
| 005 | 20260225132557.0 | ||
| 008 | 260225s9999||||xx |||||||||||||| ||und|| | ||
| 040 | _cfsic | ||
| 041 | _afre | ||
| 082 | _a302.23 | ||
| 100 |
_aJean-Robert Henry;Jean-Claude Vatin _eAuteur |
||
| 245 | 0 | _aLe temps de la coopération Sciences sociales et décolonisationau Maghreb / | |
| 245 | 0 | _cJean-Robert Henry;Jean-Claude Vatin | |
| 942 | _cكتاب | ||
| 999 |
_c34527 _d34527 |
||